00312 a2200133 450000100060000002000060000604000260001210000380003824000250007624500200010130000070012136200090012865000410013749455 a  cAnchieta - Bela Vista aEmpresa Baiana de Jornalismo S.A.10aBimba-Rei Negrolpor10aBimba-Rei Negro a790 a2003 4aHist. da Bahia / Rio São Francisco